000
00300nam a22001337a 4500
008
170830b xxu||||| |||| 00| 0 eng d
020
_a
9780807845578
041
_a
eng
080
_a
070
100
_a
40
101
_a
MED
245
_a
SPEAK NOW AGAINTS THE DAY
_c
EGERTON.J
942
_2
udc
_c
BK
999
_c
25621
_d
25621